The spy who wasn't caught : the story of Julius Silber.

Bibliographic Details
Main Author: Seth, Ronald
Format: Book
Language:English
Published: London : Hale, 1966.
Subjects:

MARC

Tag First Indicator Second Indicator Subfields
LEADER 00000cam a22000001 4500
001 in00000307672
005 20151010093500.0
008 740813s1966 enk b 00000 eng
010 |a  66066268  
015 |a B66-19122 
035 |a (OCoLC)02201744 
035 |9 ABG8138AM 
040 |a DLC  |c DLC  |d TXA  |d UtOrBLW 
043 |a e-gx--- 
049 |a TXAM  |c [905325] 
050 0 0 |a D639.S7  |b S5 
082 0 |a 940.48743 
100 1 |a Seth, Ronald. 
245 1 4 |a The spy who wasn't caught :  |b the story of Julius Silber. 
264 1 |a London :  |b Hale,  |c 1966. 
300 |a 189 pages ;  |c 22 1/2 cm. 
336 |a text  |b txt  |2 rdacontent 
337 |a unmediated  |b n  |2 rdamedia 
338 |a volume  |b nc  |2 rdacarrier 
504 |a Bibliography: page 189. 
650 0 |a World War, 1914-1918  |x Secret service  |z Germany. 
600 1 0 |a Silber, Jules Crawford. 
999 |a MARS 
999 f f |s bc2e38e8-e4f9-3b59-91ec-6d0b40232c02  |i b2299f81-b7fd-355c-ace1-26159782217c  |t 0 
952 f f |p ric  |a Texas A&M University  |b Rellis Campus  |c Joint Library Facility  |d Remote Storage  |t 0  |e D639.S7 S5  |h Library of Congress classification  |i unmediated -- volume  |m A14801886163 
998 f f |a D639.S7 S5  |t 0  |l Remote Storage